|
|
|
|
| LEADER |
00000nam0a2200000 4500 |
| 001 |
132810 |
| 005 |
20231031135120.0 |
| 010 |
|
|
|a 5941576471
|
| 035 |
|
|
|a (RuTPU)RU\TPU\book\143804
|
| 090 |
|
|
|a 132810
|
| 100 |
|
|
|a 20080306d2006 m y0rusy50 ca
|
| 101 |
0 |
|
|a rus
|
| 102 |
|
|
|a RU
|
| 105 |
|
|
|a a j 001zy
|
| 200 |
1 |
|
|a C/C++ для студента
|f А. П. Побегайло
|
| 210 |
|
|
|a СПб.
|c БХВ-Петербург
|d 2006
|
| 215 |
|
|
|a 528 с.
|c ил.
|
| 320 |
|
|
|a Список литературы: с. 517.
|
| 320 |
|
|
|a Предметный указатель: с. 518-526.
|
| 330 |
|
|
|a Подробно рассматриваются языки программирования С и C++. Описаны типы данных, функции, классы, шаблоны, а также библиотеки стандартных функций. Язык программирования C++ рассматривается как объектно-ориентированное расширение языка С, что позволяет последовательно изучить процедурное программирование, объектно-ориентированное программирование и обобщенное программирование. Изложение материала отличается краткостью и снабжено большим количеством простых примеров и листингов, которые поясняют технику программирования на языках С и C++.
|
| 610 |
1 |
|
|a языки программирования
|
| 610 |
1 |
|
|a C/C++
|
| 610 |
1 |
|
|a структура
|
| 610 |
1 |
|
|a операторы
|
| 610 |
1 |
|
|a выражения
|
| 610 |
1 |
|
|a процедурное программирование
|
| 610 |
1 |
|
|a объектно-ориентированное программирование
|
| 610 |
1 |
|
|a обобщенное программирование
|
| 610 |
1 |
|
|a учебные пособия
|
| 675 |
|
|
|a 681.3.06:800.92(075.8)
|v 3
|
| 700 |
|
1 |
|a Побегайло
|b А. П.
|g Александр Павлович
|
| 801 |
|
1 |
|a RU
|b 63413507
|c 20080306
|g PSBO
|
| 801 |
|
2 |
|a RU
|b 63413507
|c 20160115
|g RCR
|
| 942 |
|
|
|c BK
|
| 959 |
|
|
|a 29/20080306
|d 2
|e 149,99
|f АНЛ:1
|f ЧЗТЛ:1
|